[Event "AUTO-MASTER-893"]
[Site "http://www.queenalice.com/game.php?id=645211"]
[Date "2009.8.31"]
[Round "1"]
[White "Alexandrovinsk"]
[Black "zonszein"]
[Result "1/2-1/2"]
[WhiteElo "2124"]
[BlackElo "2144"]

1. e4 e5 2. Nf3 Nc6 3. Bb5 a6 4. Ba4 Nf6 5. O-O b5 6. Bb3 Be7 7. Re1 d6 8. c3
O-O 9. h3 Na5 10. Bc2 c5 11. d4 Qc7 12. a4 Bd7 13. d5 Rfe8 14. Nbd2 Bf8 15. Nf1
g6 16. Bg5 Bg7 17. axb5 axb5 18. Ne3 Nb7 19. Qd2 h6 20. Bxf6 Bxf6 21. Ng4 Bxg4
22. hxg4 Qd7 23. Qxh6 Qxg4 24. Nh2 Qd7 25. f3 Qe7 26. Ng4 Bg5 27. Qh3 Kg7 28. g3
c4 29. Kf2 Rh8 30. Qg2 Nc5 31. Rxa8 Rxa8 32. Rh1 Rh8 33. Rxh8 Kxh8 34. Qh1+ Kg7
35. Qa1 Qb7 36. Qa3 1/2-1/2

[Event "kievelrs"]
[Site "http://www.queenalice.com/game.php?id=667796"]
[Date "2009.10.15"]
[Round "1"]
[White "kievelmedieval"]
[Black "zonszein"]
[Result "0-1"]
[WhiteElo "1344"]
[BlackElo "2154"]

1. d4 Nf6 2. Nc3 d5 3. Bf4 c6 4. e3 Bf5 5. h3 e6 6. g4 Bg6 7. Bg5 Nbd7 8. a3 Qa5
9. b4 Qc7 10. b5 c5 11. Qf3 cxd4 12. exd4 Ne4 13. Bd3 Qxc3+ 14. Ke2 Nxg5 15. Qf4
Bxd3+ 16. cxd3 Qb2+ 17. Ke3 Qxa1 18. Ke2 Qb2+ 19. Kf1 f6 20. Ne2 Rc8 21. Kg2
Qxe2 22. h4 Bd6 23. Qxd6 Qf3+ 24. Kg1 Rc1+ 25. Kh2 Qh3# 0-1

[Event "AUTO-MASTER-942"]
[Site "http://www.queenalice.com/game.php?id=674759"]
[Date "2009.10.30"]
[Round "1"]
[White "Andreu"]
[Black "zonszein"]
[Result "0-1"]
[WhiteElo "1947"]
[BlackElo "2155"]

1. e4 c5 2. c4 Nc6 3. Nf3 d6 4. d3 Nf6 5. Nc3 Bg4 6. Be2 e6 7. Bf4 Be7 8. h3 Bh5
9. g4 Bg6 10. Nh4 Nxe4 11. Nxg6 Nxc3 12. bxc3 hxg6 13. Rb1 Rb8 14. Qa4 Qa5 15.
Qxa5 Nxa5 16. Bf3 Kd7 17. Bg2 Bf6 18. Rc1 b5 19. cxb5 Rxb5 20. O-O Rb2 21. Kh2
Rxa2 22. g5 Bd8 23. Be3 d5 24. f4 Bc7 25. Rb1 c4 26. Rfd1 cxd3 27. Rxd3 Nc4 28.
Bc1 Rc2 29. Kg3 Nd6 30. Bf1 Ne4+ 31. Kf3 Rf2+ 32. Ke3 Rxf1 33. Kd4 Rxc1 34. Rxc1
Bb6+ 35. Ke5 f6+ 0-1

[Event "AUTO-MASTER-942"]
[Site "http://www.queenalice.com/game.php?id=674760"]
[Date "2009.10.30"]
[Round "1"]
[White "zonszein"]
[Black "Andreu"]
[Result "1-0"]
[WhiteElo "2167"]
[BlackElo "1956"]

1. d4 d5 2. c4 Nc6 3. Nf3 Bg4 4. e3 e6 5. Be2 Nf6 6. O-O Ne4 7. Nfd2 Bf5 8. Nxe4
Bxe4 9. Nc3 Bf5 10. cxd5 exd5 11. a3 Be6 12. Qb3 b6 13. Bf3 Ne7 14. Bd2 c6 15.
Rac1 Rc8 16. Ne2 Ng6 17. Rfe1 Bd6 18. Qa4 Qd7 19. Nf4 Nxf4 20. exf4 O-O 21. Rc3
Qc7 22. Rec1 c5 23. Be3 Qb8 24. dxc5 bxc5 25. Bxc5 Bxc5 26. Rxc5 Rxc5 27. Rxc5
Qxb2 28. h3 d4 29. f5 Qb1+ 30. Kh2 Bxf5 31. Qxd4 Qd3 32. Qxd3 Bxd3 33. Rc7 a6
34. Ra7 f5 35. Bd5+ Kh8 36. Bb7 g5 37. Bxa6 Be4 38. a4 Ra8 39. Rxa8+ Bxa8 40.
Bc8 f4 41. a5 1-0

[Event "AUTO-MASTER-942"]
[Site "http://www.queenalice.com/game.php?id=674777"]
[Date "2009.10.30"]
[Round "1"]
[White "zonszein"]
[Black "vila1"]
[Result "1-0"]
[WhiteElo "2161"]
[BlackElo "1920"]

1. Nf3 c6 2. d4 d5 3. Bf4 Bf5 4. e3 Nf6 5. Bd3 Bxd3 6. cxd3 e6 7. Nc3 Nbd7 8. h3
a6 9. O-O Be7 10. Re1 O-O 11. e4 Nb6 12. Rc1 c5 13. dxc5 Bxc5 14. d4 Bb4 15. a3
Bxc3 16. Rxc3 Nxe4 17. Rxe4 dxe4 18. Bc7 Nd5 19. Bxd8 Nxc3 20. bxc3 exf3 21. Be7
Rfe8 22. Bd6 fxg2 23. Qg4 Rac8 24. Be5 g6 25. Qg5 f5 26. Qf6 1-0

[Event "AUTO-MASTER-942"]
[Site "http://www.queenalice.com/game.php?id=674778"]
[Date "2009.10.30"]
[Round "1"]
[White "vila1"]
[Black "zonszein"]
[Result "1/2-1/2"]
[WhiteElo "1755"]
[BlackElo "2183"]

1. c4 Nf6 2. g3 g6 3. Bg2 Bg7 4. Nc3 c6 5. Nf3 d5 6. cxd5 cxd5 7. d4 Nc6 8. O-O
O-O 9. Bg5 Be6 10. e3 h6 11. Bxf6 Bxf6 12. Rc1 Qd7 13. a3 Rac8 14. Re1 Rfd8 15.
Na4 Nxd4 16. Nxd4 Rxc1 17. Qxc1 Qxa4 18. b3 Qa5 19. Nxe6 fxe6 20. Rd1 Qb6 21. b4
Kg7 22. e4 d4 23. Qc4 Qc6 24. Qd3 e5 25. Bf1 Rc8 26. Bh3 Rc7 27. b5 Qc2 28. Be6
Qxd3 29. Rxd3 Bg5 30. h4 Bf6 31. Bd5 h5 32. Kg2 g5 33. hxg5 Bxg5 34. Rf3 Rc5 35.
a4 Rxd5 36. exd5 e4 37. Rf5 Kg6 38. Re5 e3 39. Re6+ Kf5 40. f4 Bf6 41. Kf3 Kg6
42. a5 Kf7 43. g4 hxg4+ 44. Kxg4 Ke8 45. b6 a6 46. Kf3 1/2-1/2

[Event "kievelrs"]
[Site "http://www.queenalice.com/game.php?id=681938"]
[Date "2009.11.12"]
[Round "2"]
[White "zonszein"]
[Black "polly"]
[Result "1-0"]
[WhiteElo "2166"]
[BlackElo "1651"]

1. e4 e5 2. Nf3 Nc6 3. Bb5 d6 4. O-O Bd7 5. d4 a6 6. Ba4 Be7 7. dxe5 dxe5 8. Qe2
Nf6 9. Rd1 O-O 10. Bxc6 bxc6 11. Nxe5 Bd6 12. Nxd7 Nxd7 13. Nd2 Ne5 14. Nf3 h6
15. Nxe5 Qf6 16. Nd7 Qg6 17. Nxf8 Kxf8 18. f4 Re8 19. e5 Bc5+ 20. Be3 Bxe3+ 21.
Qxe3 f6 22. Qc5+ Kg8 23. Qxc6 Qf7 24. Rd7 Qf8 25. e6 Re7 26. Rad1 Qe8 27. Rd8
1-0

[Event "Challenge"]
[Site "http://www.queenalice.com/game.php?id=689901"]
[Date "2009.11.28"]
[Round "-"]
[White "zonszein"]
[Black "Cronos"]
[Result "1-0"]
[WhiteElo "2173"]
[BlackElo "1793"]

1. e4 e5 2. Nf3 d6 3. d4 Be7 4. dxe5 dxe5 5. Qxd8+ Bxd8 6. Nxe5 Bf6 7. Nf3 Nc6
8. Bb5 Bd7 9. O-O Nge7 10. c3 O-O-O 11. Bf4 h6 12. Na3 a6 13. Ba4 g5 14. Be3 h5
15. Bxg5 Bxg5 16. Nxg5 Be6 17. f4 f6 18. Nxe6 Rdg8 19. Nc2 Rg4 20. Ne3 Rgg8 21.
Bb3 Re8 22. Rad1 h4 23. Ng7 Rd8 24. Ngf5 Nxf5 25. Nxf5 b5 26. Bd5 Na5 27. b4 Nc4
28. Ne7+ Kd7 29. Ng6 Rh6 30. Bxc4+ Ke8 31. Rxd8+ Kxd8 32. Bf7 1-0

[Event "kievelrs"]
[Site "http://www.queenalice.com/game.php?id=694493"]
[Date "2009.12.8"]
[Round "3"]
[White "lightwhitelight"]
[Black "zonszein"]
[Result "0-1"]
[WhiteElo "2089"]
[BlackElo "2174"]

1. e4 c5 2. Nf3 Nc6 3. d4 cxd4 4. Nxd4 Nf6 5. Nc3 e5 6. Ndb5 d6 7. Bg5 a6 8.
Bxf6 gxf6 9. Na3 f5 10. Bd3 b5 11. Nd5 Be6 12. c3 Bg7 13. Nc2 O-O 14. O-O f4 15.
Ndb4 Nxb4 16. cxb4 Qg5 17. f3 Kh8 18. b3 Rg8 19. Kh1 Bf6 20. Ne1 Bd8 21. Rf2 Bb6
22. Rc2 Rg6 23. Bf1 Qg3 24. Qxd6 Qxh2+ 0-1

[Event "Challenge"]
[Site "http://www.queenalice.com/game.php?id=721368"]
[Date "2010.1.27"]
[Round "-"]
[White "zonszein"]
[Black "Noyender"]
[Result "1-0"]
[WhiteElo "2179"]
[BlackElo "1705"]

1. e4 e5 2. Nf3 Nc6 3. Bb5 Nf6 4. O-O Bc5 5. Nc3 d6 6. d4 exd4 7. Nxd4 Bd7 8.
Be3 Qe7 9. Nf5 Qe5 10. Bxc5 Qxc5 11. Nxg7+ Ke7 12. Nd5+ Nxd5 13. Bxc6 Bxc6 14.
exd5 Qxd5 15. Qxd5 Bxd5 16. Nf5+ Kd7 17. Ne3 Bc6 18. Rfe1 Rhg8 19. f3 Bxf3 20.
Rf1 Bh5 21. Nd5 Rg6 22. Nf6+ Kc6 23. Nxh5 Rag8 24. Rf2 Rg5 25. Nf6 R8g7 26. Rd1
h5 27. Rd3 R7g6 28. Rc3+ Kb6 29. Nd7+ Ka6 30. Rxc7 f5 31. Rc3 b6 32. Nb8+ Kb7
33. Nc6 h4 34. Re2 Rg7 35. Nd8+ Ka6 36. Ne6 h3 37. Nxg5 Rxg5 38. Rxh3 Kb5 39.
Rd2 Kc6 40. Rh6 f4 41. Rhxd6+ Kb7 42. Rf6 Rg4 43. Rd7+ Ka6 44. Rff7 f3 45. Rxa7+
1-0

[Event "Challenge"]
[Site "http://www.queenalice.com/game.php?id=721369"]
[Date "2010.1.27"]
[Round "-"]
[White "Noyender"]
[Black "zonszein"]
[Result "0-1"]
[WhiteElo "1728"]
[BlackElo "2172"]

1. e4 c5 2. c3 Nf6 3. Qf3 Nc6 4. Bb5 g6 5. Ne2 Bg7 6. d4 cxd4 7. cxd4 a6 8. Ba4
b5 9. Bb3 Bb7 10. Nbc3 O-O 11. O-O b4 12. Na4 d6 13. Be3 Rc8 14. d5 Ne5 15. Qh3
Nxe4 16. Bh6 Qd7 17. Qxd7 Nxd7 18. Bxg7 Kxg7 19. Rac1 Nd2 20. Rfd1 Nxb3 21. axb3
Rfd8 22. Rc4 a5 23. h3 Ne5 24. Nb6 Nxc4 25. Nxc8 Nxb2 26. Rc1 Rxc8 27. Re1 Bxd5
28. Nd4 e5 29. Nb5 Nd3 30. Rd1 Rc1 31. Rxc1 Nxc1 32. Nxd6 Bxb3 33. Kf1 a4 0-1

[Event "AUTO-MASTER-893"]
[Site "http://www.queenalice.com/game.php?id=758444"]
[Date "2010.4.9"]
[Round "2"]
[White "zonszein"]
[Black "drow"]
[Result "1-0"]
[WhiteElo "2196"]
[BlackElo "2255"]

1. e4 e5 2. Nf3 Nc6 3. Bb5 a6 4. Ba4 Nf6 5. O-O Be7 6. Re1 b5 7. Bb3 O-O 8. a4
Bb7 9. d3 d6 10. Nc3 b4 11. Nd5 Nxd5 12. Bxd5 Rb8 13. a5 Nxa5 14. Bxb7 Nxb7 15.
d4 Bf6 16. Rxa6 Ra8 17. Rxa8 Qxa8 18. Bg5 Bxg5 19. Nxg5 exd4 20. Qxd4 Qa5 21. e5
dxe5 22. Qe4 1-0

[Event "AUTO-MASTER-893"]
[Site "http://www.queenalice.com/game.php?id=758445"]
[Date "2010.4.9"]
[Round "2"]
[White "drow"]
[Black "zonszein"]
[Result "1-0"]
[WhiteElo "2222"]
[BlackElo "2210"]

1. d4 Nf6 2. c4 g6 3. Nc3 Bg7 4. e4 d6 5. Nf3 O-O 6. Be2 Na6 7. O-O c5 8. d5 Nc7
9. Ne1 Bd7 10. f4 a6 11. Nf3 b5 12. e5 dxe5 13. fxe5 Ng4 14. Bf4 bxc4 15. Qd2 f6
16. e6 Bc8 17. h3 Ne5 18. Nxe5 fxe5 19. Bh6 Ne8 20. Ne4 Rxf1+ 21. Rxf1 Nf6 22.
Nxf6+ exf6 23. Bxc4 Qd6 24. Be3 Kh8 25. Qa5 Bf8 26. Rxf6 Bd7 27. Rxf8+ 1-0

[Event "AUTO-MASTER-893"]
[Site "http://www.queenalice.com/game.php?id=758446"]
[Date "2010.4.9"]
[Round "2"]
[White "zonszein"]
[Black "jalvez"]
[Result "0-1"]
[WhiteElo "2186"]
[BlackElo "2184"]

1. e4 c5 2. Nc3 d6 3. Nge2 Nc6 4. g3 Nf6 5. Bg2 e5 6. d3 Be7 7. Be3 O-O 8. h3
Nd4 9. Bg5 Bd7 10. Bxf6 Bxf6 11. Nd5 Bg5 12. O-O f5 13. Nec3 f4 14. gxf4 Bxf4
15. Nxf4 Rxf4 16. Nd5 Rh4 17. c3 Nc6 18. Qf3 Qg5 19. Qg3 Qh6 20. Kh2 Rf8 21.
Rae1 Be6 22. Re3 Rg4 0-1

[Event "AUTO-MASTER-893"]
[Site "http://www.queenalice.com/game.php?id=758447"]
[Date "2010.4.9"]
[Round "2"]
[White "jalvez"]
[Black "zonszein"]
[Result "0-1"]
[WhiteElo "2180"]
[BlackElo "2174"]

1. e4 c5 2. Nf3 Nc6 3. d4 cxd4 4. Nxd4 Nf6 5. Nc3 e5 6. Nb3 Bb4 7. f3 d5 8. a3
Bxc3+ 9. bxc3 dxe4 10. Qxd8+ Nxd8 11. fxe4 Nxe4 12. Bb2 O-O 13. Bd3 Bf5 14. O-O
Bg6 15. Rae1 Nf6 16. Bxg6 hxg6 17. c4 Nd7 18. Bxe5 Nxe5 19. Rxe5 Rc8 20. c5 Ne6
21. Rd1 Rfd8 22. Red5 Kf8 23. Rxd8+ Rxd8 24. Rxd8+ Nxd8 25. Kf2 Ke7 26. Ke3 Nc6
27. Kd3 Ke6 28. Kc4 Ne5+ 29. Kb5 Kd5 30. a4 Nc4 31. g3 Na3+ 32. Kb4 Nxc2+ 33.
Kc3 Ne3 34. h3 Nd1+ 35. Kb4 Nf2 36. h4 f5 37. Na5 Nd3+ 38. Kb5 Nxc5 0-1

[Event "AUTO-MASTER-893"]
[Site "http://www.queenalice.com/game.php?id=758448"]
[Date "2010.4.9"]
[Round "2"]
[White "zonszein"]
[Black "jolomol"]
[Result "1-0"]
[WhiteElo "2190"]
[BlackElo "1986"]

1. e4 c5 2. Nf3 a6 3. a4 Nc6 4. Nc3 d6 5. d4 cxd4 6. Nxd4 Nf6 7. Be2 e6 8. Be3
Qa5 9. O-O e5 10. Nb3 Qc7 11. f4 Be6 12. Rc1 Be7 13. f5 Bd7 14. Kh1 O-O 15. Bg5
Qd8 16. Bxf6 Bxf6 17. Nd5 Bg5 18. Rb1 Ne7 19. a5 Nxd5 20. exd5 b6 21. Qe1 Re8
22. Qb4 Be3 23. Qxd6 Ba4 24. Qb4 Bxb3 25. Qxb3 Bc5 26. axb6 Bxb6 27. f6 g6 28.
Qh3 1-0

[Event "AUTO-MASTER-893"]
[Site "http://www.queenalice.com/game.php?id=758449"]
[Date "2010.4.9"]
[Round "2"]
[White "jolomol"]
[Black "zonszein"]
[Result "0-1"]
[WhiteElo "2037"]
[BlackElo "2186"]

1. e4 a6 2. d4 d6 3. Nc3 Nf6 4. Nf3 g6 5. Be2 Bg7 6. Be3 c5 7. dxc5 Qa5 8. O-O
dxc5 9. Qd2 Nc6 10. Bh6 O-O 11. Rfd1 Bg4 12. Bxg7 Kxg7 13. Qe1 Bxf3 14. Bxf3 Nd4
15. Rd2 Nd7 16. Qd1 Ne5 17. Be2 Rad8 18. Nd5 e6 19. Ne3 Nxe2+ 0-1

[Event "AUTO-MASTER-942"]
[Site "http://www.queenalice.com/game.php?id=786807"]
[Date "2010.6.7"]
[Round "2"]
[White "doomedbr"]
[Black "zonszein"]
[Result "1-0"]
[WhiteElo "2204"]
[BlackElo "2194"]

1. e4 c5 2. Nf3 Nc6 3. d4 cxd4 4. Bc4 e6 5. Bg5 Be7 6. Bxe7 Ngxe7 7. Ng5 Qa5+ 8.
Qd2 Qxd2+ 9. Nxd2 h6 10. Ngf3 d6 11. Rc1 Ng6 12. c3 dxc3 13. Rxc3 Bd7 14. O-O
Ke7 15. Rfc1 Rhc8 16. g3 Nce5 17. Kg2 b5 18. Be2 b4 19. Rc7 Kd8 20. Rxc8+ Rxc8
21. Rd1 Rc2 22. b3 1-0

[Event "AUTO-MASTER-942"]
[Site "http://www.queenalice.com/game.php?id=786808"]
[Date "2010.6.7"]
[Round "2"]
[White "zonszein"]
[Black "doomedbr"]
[Result "0-1"]
[WhiteElo "2182"]
[BlackElo "2216"]

1. Nf3 Nf6 2. g3 b5 3. Bg2 Bb7 4. b3 e5 5. Bb2 d6 6. c4 a6 7. d3 Nbd7 8. Nbd2
Be7 9. Qc2 O-O 10. O-O Nc5 11. Rac1 b4 12. d4 exd4 13. Bxd4 Ne6 14. Bb2 a5 15.
Nh4 Bxg2 16. Kxg2 a4 17. Nf5 axb3 18. axb3 g6 19. Nh6+ Kg7 20. Ng4 Kg8 21. Qe4
Ra2 22. Nxf6+ Bxf6 23. Bxf6 Qxf6 24. Qe3 Qd4 0-1

[Event "AUTO-MASTER-942"]
[Site "http://www.queenalice.com/game.php?id=786811"]
[Date "2010.6.7"]
[Round "2"]
[White "zonszein"]
[Black "stoyan1"]
[Result "1-0"]
[WhiteElo "2187"]
[BlackElo "1901"]

1. e4 e5 2. Nf3 d6 3. d4 exd4 4. Nxd4 Nf6 5. Nc3 a6 6. Bc4 c5 7. Nf3 Be6 8. Bxe6
fxe6 9. Bg5 Be7 10. e5 Nd5 11. Bxe7 Qxe7 12. Nxd5 exd5 13. Qxd5 Nc6 14. O-O
O-O-O 15. exd6 Qxd6 16. Qxd6 Rxd6 17. Rfd1 Rxd1+ 18. Rxd1 Rd8 19. Rxd8+ Kxd8 20.
c3 b5 21. Ng5 Ke7 22. Kf1 h6 23. Ne4 c4 24. Ke2 a5 25. f4 a4 26. Ke3 g6 27. Nd2
g5 28. g4 gxf4+ 29. Kxf4 Ke6 30. h4 Ne5 31. Nf3 Nd3+ 32. Kg3 b4 33. cxb4 Nxb2
34. b5 Nd3 35. b6 Kd6 36. g5 hxg5 37. hxg5 Nc5 38. Kf4 Kc6 39. Kf5 Kd7 40. Ne5+
Ke7 41. Nxc4 Ne6 42. b7 Nd4+ 43. Ke4 Nc6 44. Ne5 Nb8 45. Kd5 Kf8 46. Kd6 Kg7 47.
Kc7 Na6+ 48. Kc8 a3 49. b8=Q 1-0

[Event "AUTO-MASTER-942"]
[Site "http://www.queenalice.com/game.php?id=786812"]
[Date "2010.6.7"]
[Round "2"]
[White "stoyan1"]
[Black "zonszein"]
[Result "0-1"]
[WhiteElo "1985"]
[BlackElo "2171"]

1. e4 c5 2. Nf3 Nc6 3. Bc4 e6 4. a4 d6 5. c3 Nf6 6. d3 Be7 7. Bd2 Bd7 8. b4 cxb4
9. cxb4 d5 10. exd5 exd5 11. Bb5 Nxb4 12. Bxb4 Bxb4+ 13. Nbd2 Qe7+ 14. Qe2 Qxe2+
15. Kxe2 Bxb5 16. axb5 O-O 17. Rhb1 Bc5 18. d4 Rfe8+ 19. Kf1 Bb6 20. Re1 Ne4 21.
Nb3 f6 22. Ra2 Nc3 23. Rxe8+ Rxe8 24. Rb2 Nxb5 25. Re2 Re4 26. Nc5 Rxe2 27. Kxe2
Nxd4+ 28. Nxd4 Bxc5 29. Nb3 b6 30. f3 a5 31. Kd3 Kf7 32. g4 a4 33. Nc1 b5 34.
Kc2 b4 35. Kb2 Bd4+ 36. Kb1 Bc3 37. Na2 Bd2 0-1

[Event "coyote78-2"]
[Site "http://www.queenalice.com/game.php?id=827503"]
[Date "2010.9.3"]
[Round "1"]
[White "ysar"]
[Black "zonszein"]
[Result "0-1"]
[WhiteElo "2107"]
[BlackElo "2177"]

1. e4 c5 2. Nf3 d6 3. d4 cxd4 4. Nxd4 Nf6 5. Nc3 a6 6. Be3 e6 7. f3 Be7 8. Qd2
Qc7 9. g4 Nc6 10. O-O-O b5 11. Nxc6 Qxc6 0-1